| 000 | 00723nam a2200217 a 4500 | ||
|---|---|---|---|
| 005 | 20210223130509.0 | ||
| 008 | 080611s2000 mx r 000 0 spa d | ||
| 035 | _aUPN01000156800 | ||
| 049 | _aUNE | ||
| 080 | _a159.922. 7 (-77)=20 DEV No.18. | ||
| 245 | 0 | 0 |
_aEarly childhood development : _btwo papers on UNICEF policy and programming. |
| 260 |
_aParís : _bUNESCO ; _aNew York : _bUNICEF, _c[198- ]. |
||
| 300 |
_a108 p. : _bfot. |
||
| 440 | 0 |
_aChild, Family, Community ; _v18 |
|
| 690 |
_aPrimera infancia - _xPsicología del niño |
||
| 690 |
_aPsicología del niño - _xPrimera infancia |
||
| 690 |
_aPaíses en desarrollo - _xPrimera infancia |
||
| 710 | 2 | _aUNESCO | |
| 710 | 2 |
_aUNICEF _924085 |
|
| 905 | _aUNESCO | ||
| 999 |
_c128914 _d128914 |
||